|
|
|
|
| LEADER |
00000nam1a2200000 4500 |
| 001 |
25893 |
| 005 |
20231030201223.0 |
| 035 |
|
|
|a (RuTPU)RU\TPU\book\26131
|
| 035 |
|
|
|a BOOK00000047
|
| 090 |
|
|
|a 25893
|
| 100 |
|
|
|a 20011209d1979 k y0rusy50 ca
|
| 101 |
0 |
|
|a rus
|
| 102 |
|
|
|a RU
|
| 200 |
1 |
|
|a Записки научных семинаров ЛОМИ
|e сборник работ
|f Академия наук СССР (АН СССР), Математический институт им. В. А. Стеклова (МИАН)
|
| 210 |
|
|
|a Ленинград
|c Наука
|d 1979-1991
|
| 300 |
|
|
|a Со 196 т. см. Записки научных семинаров ПОМИ.
|
| 440 |
|
1 |
|0 (RuTPU)RU\TPU\book\26556
|t Записки научных семинаров ПОМИ
|f Российская академия наук (РАН), Математический институт им. В. А. Стеклова (МИ)
|c СПб.
|n Наука
|d 1991-1994
|
| 712 |
0 |
2 |
|a Академия наук СССР (АН СССР)
|b Математический институт им. В. А. Стеклова (МИАН)
|2 stltpush
|3 (RuTPU)RU\TPU\col\11336
|
| 801 |
|
0 |
|a RU
|b 63413507
|c 20011209
|g PSBO
|
| 801 |
|
2 |
|a RU
|b 63413507
|c 20110622
|g PSBO
|
| 942 |
|
|
|c BK
|